[Event "Mittelfranken-ch Seniors"]
[Site "Roethenbach"]
[Date "1996.??.??"]
[Round "3"]
[White "Mordek, Dietmar"]
[Black "Reinhardt, Herbert Sr"]
[Result "0-1"]
[WhiteElo "1835"]
[BlackElo "1800"]
[PlyCount "66"]
[EventDate "1996.??.??"]
[EventType "swiss"]
[EventRounds "7"]
[EventCountry "GER"]
[SourceTitle "EXT 2004"]
[Source "ChessBase"]
[SourceDate "2003.11.25"]
[SourceVersion "1"]
[SourceVersionDate "2003.11.25"]
[SourceQuality "1"]

1. f4 d5 2. d4 Bf5 3. Nf3 e6 4. e3 Nf6 5. Bd3 Be4 6. Nbd2 Nbd7 7. 0-0 c5 8. Bb5 Qb6 9. Bxd7+ Nxd7 10. c3 Be7 11. Qa4 Bd3 12. Ne5 Bb5 13. Nxd7 Kxd7 14. Qd1 Bxf1 15. Kxf1 Qb5+ 16. Kf2 cxd4 17. exd4 h5 18. Nf3 Bf6 19. a4 Qc6 20. Be3 Rac8 21. Rc1 a6 22. b3 b5 23. axb5 axb5 24. Qd3 Ra8 25. h4 Ra2+ 26. Kg3 g6 27. c4 bxc4 28. bxc4 Qa6 29. Ne5+ Bxe5 30. dxe5 Rc8 31. Kf3 Rxc4 32. Qd1 Qc6 33. Rxc4 Qxc4 0-1

[Event "Mittelfranken-ch Seniors"]
[Site "Roethenbach"]
[Date "1996.??.??"]
[Round "5"]
[White "Scheuerlein, Gerhard"]
[Black "Mordek, Dietmar"]
[Result "1-0"]
[WhiteElo "1710"]
[BlackElo "1835"]
[PlyCount "130"]
[EventDate "1996.??.??"]
[EventType "swiss"]
[EventRounds "7"]
[EventCountry "GER"]
[SourceTitle "EXT 2004"]
[Source "ChessBase"]
[SourceDate "2003.11.25"]
[SourceVersion "1"]
[SourceVersionDate "2003.11.25"]
[SourceQuality "1"]

1. d4 Nf6 2. Bg5 e6 3. e4 Be7 4. Nc3 0-0 5. Bd3 Ne8 6. Bxe7 Qxe7 7. Nge2 c6 8. 0-0 d5 9. Ng3 dxe4 10. Ncxe4 f5 11. Nd2 Nd7 12. Re1 Qf7 13. Nc4 a5 14. a4 g6 15. Qe2 Nc7 16. c3 f4 17. Nd6 Qe7 18. Nge4 Nf6 19. Nxc8 Raxc8 20. Nc5 f3 21. Qxf3 Nd7 22. Qg4 Nxc5 23. dxc5 Qxc5 24. Qg3 Rf7 25. Re5 Qf8 26. Rxa5 Nd5 27. Re1 Nf4 28. Bc4 Re8 29. Rae5 Rf6 30. Qe3 Qd6 31. Re4 Kg7 32. Rd4 Nd5 33. Bxd5 cxd5 34. c4 Ref8 35. f3 Qb6 36. cxd5 exd5 37. Rxd5 Qxe3+ 38. Rxe3 Rb6 39. b3 Rc8 40. Kf2 Rc2+ 41. Kg3 Rb2 42. Rdd3 h5 43. h4 Kf6 44. Rc3 Rb4 45. Red3 Ke6 46. Re3+ Kf6 47. f4 Kf5 48. Rc7 Kf6 49. Rcc3 Kf5 50. Re5+ Kf6 51. Ree3 Kf5 52. Rf3 b6 53. Rce3 Kf6 54. Kh3 Kf5 55. Re5+ Kf6 56. Ree3 Kf5 57. Rd3 Kf6 58. g4 hxg4+ 59. Kxg4 Rg2+ 60. Rg3 Rxg3+ 61. Kxg3 Kf5 62. Rd5+ Kf6 63. Rb5 Rd4 64. Rxb6+ Kf5 65. Rb5+ Kf6 1-0